000 00500nam a2200181Ia 4500
001 3853
005 20260306145714.0
008 260306t2009||||xx |||||||||||||| ||spa||
041 _aESP
082 _a303.64
_bE66
100 _aGrompone, Romeo (ed.)
_eAUT
245 0 _aEntre el crecimiento económico y la insatisfacción social:
_blas protestas sociales en el Perú actual
260 _c2009
300 _a415 páginas :
_c20 cm.
650 _aGEN
654 _aCHU
942 _cLIB
_dJUS
_fJUS
_2ddc
_n
999 _c3853
_d3853